| 000 | 00654nam a2200181 a 4500 | ||
|---|---|---|---|
| 001 | 000039609 | ||
| 005 | 20201002033638.0 | ||
| 008 | 130711s2007 xxu 001 0 spa d | ||
| 020 | _a9780226140599 | ||
| 040 |
_aDO-SdBNP _bspa _cBNPHU |
||
| 041 | 1 | 7 | _aeng |
| 100 | 1 |
_aGóngora y Argote, Luis de, _d1561-1627. _915644 |
|
| 245 | 1 | 0 |
_aSelected poems y Luis de Góngora : _ba bilingual edition / _cLuis de Góngora y Argote ; edited and translated by John Dent-Young. |
| 260 |
_aChicago : _bThe university of chicago press, _c2007. |
||
| 300 |
_a270 p. : _bil., mapas ; _c24 cm. |
||
| 504 | _aBibliografía: p. 269-270 | ||
| 700 | 1 |
_aa Dent-Young, John. _965781 |
|
| 999 |
_c39099 _d39099 |
||